4. Vista al mar - Quevedo - Estadísticas

Estadísticas generales
  • Esta prueba ha sido intentada 47 veces
  • La puntuación promedio es 347 de 426
Estadísticas de respuestas
% Correcto
a
100%
A
100%
en
100%
En
100%
se
100%
y
100%
Y
100%
al
97%
con
97%
de
97%
97%
mi
97%
pa'
97%
97%
Si
97%
ca—
95%
cuerpo
95%
la
95%
LA
95%
La
95%
las
95%
lo
95%
Lo
95%
los
95%
mío
95%
que
95%
qué
95%
Que
95%
te
95%
Te
95%
95%
Tu
95%
un
95%
cama
92%
el
92%
es
92%
habitación
92%
llega'
92%
no
92%
No
92%
olvidaste
92%
Parece
92%
pero
92%
Pero
92%
por
92%
Rápido
92%
rápido
92%
siente?
92%
siente
92%
alante
90%
casi
90%
combi
90%
Mami
90%
manera
90%
me
90%
rico
90%
vas
90%
acción
87%
atrás
87%
cámara
87%
combinan
87%
demás
87%
luce'
87%
más
87%
quiero
87%
siempre
87%
Siempre
87%
una
87%
ve
87%
corazón
85%
mai
85%
quede
85%
ver
85%
apagar
82%
cuando
82%
Entras
82%
nadie
82%
Nadie
82%
quise
82%
sales
82%
sin
82%
¿Cómo
79%
¿cómo
79%
como
79%
cómo
79%
guerra
79%
opinan
79%
pendiente
79%
todo
79%
yeah
79%
Contigo
77%
fuera
77%
haga
77%
hay
77%
meter
77%
paz
77%
terminamo'
77%
vernos
77%
así
74%
don
74%
le
74%
mar
72%
das
69%
está
69%
LeBron
69%
sería
69%
todos
69%
fueras
67%
genético
67%
hubiera
67%
quisiera
67%
tuyo
67%
aunque
64%
dice
64%
explica
64%
tan
64%
vista
64%
falla
62%
nunca
62%
yo
62%
diferente
59%
enchule'
59%
ir
59%
pediría
59%
rodillas
59%
Sabiendo
59%
soy
59%
su
59%
vayas
59%
Ya
59%
acude'
56%
fuma
56%
ganas
56%
mente
56%
nene
56%
nos
56%
playa
56%
hotel
54%
mueves
54%
nota
54%
para
54%
pasa
54%
sobresaliente
54%
talla
54%
tanto
54%
Dale
51%
esquimal
51%
frío
51%
mejor
51%
ninguno
51%
pa'l
51%
saben
51%
veo
51%
bobos
49%
cabeza
49%
Cada
49%
caliente
49%
mis
49%
mude'
49%
tienes
49%
vez
49%
callan
46%
estos
46%
himno
46%
jugar
46%
mal
46%
mismo
46%
ritual
46%
Tengo
46%
circulen
44%
cuenta
44%
cuerpito
44%
darás
44%
escribo
44%
ese
44%
gemidos
44%
poder
44%
Tus
44%
Versace
44%
fallaré
41%
Bronceado
38%
cáele
38%
hacerlo
38%
llévame
38%
otro
38%
hacerte
36%
hueco
36%
islas
36%
traigo
36%
Hoy
31%
to's
28%
еl
0%
siеnte
0%
No se encontraron pruebas coincidentes
Distribución de puntuación
Porcentaje de gente con cada puntuación
Porcentaje por número respondido
Historial de tus puntuaciones
No has intentado esta prueba.